=LDR 00000nam 2200000 4500 =001 INLIS000000000028186 =005 20130612130516 =008 ***********************************ind** =035 ##$$0010-061300000028186 =041 ##$$a ind =082 ##$$a 617.702 6 =090 ##$$a 617.702 6, ROP k =100 ##$$a Roper-Hall, Michael J =245 ##$$a Kedaruratan mata=(Eye emergencies), Michael J. Roper-Hall; alih bahasa, Petrus Andrianto =260 ##$$a 1995 $b Jakarta =300 ##$$a x, 134 hlm., ilus., 27 cm =650 ##$$a Mata =650 ##$$a Penyakit =700 ##$$a Andrianto, Petrus =850 ##$$a NBPNMAT